000 00602nam a22002057a 4500
003 KOHA_MİRAKIL
005 20260331114242.0
008 260331b tu ||||| |||| 00| 0 tur d
020 _a9786257182836
040 _aTR-AnABB
_btur
_cTR-AnABB
041 _atur
082 _a923.2561
_bBAL 2021
100 1 _aBalbay, Mustafa
245 1 0 _aKemalizm'in centilmen devrimcisi Ahmet Taner Kışlalı /
_cMustafa Balbay
260 _aİstanbul :
_bHalk Kitabevi,
_c2021
300 _a272 sayfa ;
_c20 cm
500 _ayazar imzalı
650 0 4 _aBiyografi, siyasetçiler
942 _2ddc
_cBK
999 _c10117
_d10117
900 _bCem ÖZOGLU